01382nab a22002297a 4500003000400000005001700004008004100021040000700062100001700069245018500086260007300271300001500344500002700359505027300386505016700659505008200826650001800908650002500926650002500951650002700976773014901003OSt20251215151042.0190429b xxu||||| |||| 00| 0 spa d cPJ aRey, Eugenio10aReescribiendo el pasado. Crítica a la jurisprudencia de la Cámara Nacional de Casación en lo Criminal y Correccional en materia de unificaciones de condenas /cEugenio Rey. cCiudad Autónoma de Buenos Aires :aThomson Reuters La Ley, b2025. ap. 105-114 aCita: AR/DOC/177/2025. aSumario: I. Volver al futuro.— II. Un caso imaginario que de imaginario tiene poco.— III. Doctrina.— IV. Algunas decisiones de la Cámara nacional de Casación en lo Criminal y Correccional sobre la materia.— V. Tres problemas distintos.— VI. Conclusiones. tFallo comentado: Juzgado de Garantías Nro. 2 de Azul ~ 18/04/2024 ~ ..., J. C. s/ abuso sexual gravemente ultrajante y abuso sexual con acceso carnal agravado. tSi te interesa el texto completo, solicitalo a koha@justierradelfuego.gov.ar  0aDERECHO PENAL 0aUNIFICACION DE PENAS 0aANTECEDENTES PENALES 0aSENTENCIA CONDENATORIA0 02658tRevista de derecho penal y criminología. Nº 2 - Marzo 2025dCiudad Autónoma de Buenos Aires : Thomson Reuters La Ley, 2017-x00347914